01067 2200313 4500035002000000001002100020005001700041006001900058007000300077008004100080856005900121040002000180082002600200084002400226100002700250245011200277260004100389300003600430600005500466650002300521659000900544700002500553850001300578900003000591902008600621990001600707990001600723999001400739 a0010-0122004064INLISM0000000006727820041012173400.0aa g 000 0bta061219s1983 jkia g 000 0bind  y http://opac.perpusnas.go.id/DetailOpac.aspx?id=152449 a JKPNPNA b ind042 [20]a 92 (Maramis)  a 92 (Maramis) MAT i0 a Matuli-Walanda, A. P.10a Ibu Walanda Maramis : b pejuang wanita Minahasa / c A. P. Matuli-Walanda; penerjemah, F.G.E. Rorimpandey a Jakarta : b Sinar Harapan, c 1983 a 96 hlm. : b ilus. ; c 20 cm.34a Maramis, Maria Josephine Catherine , d 1872-1924 4a Pahlawan nasional a DNP3 a Rorimpamndey, F.G.E a JKPNPNA a 00677nbm**2200012*a*4500 a 131817299:10-OCT-11*131817299:10-OCT-11*131817299:10-OCT-11*131817299:10-OCT-11* a 3268/PN/95 a 6700/PN/85 a VIRTUA00